Statistiques concernant les 50 meilleurs intercepteurs de l'Histoire de la NBA

Cliquez ici pour prendre le quiz!

Statistiques générales

  • Ce quiz a été pris 25 fois
  • Le résultat moyen est 16 sur 50

Statistiques - réponses

interceptions totalesJoueurTeam% Correct
3 265John StocktonJazz
95%
2 514Michael JordanBulls-Wizards
95%
2 256LeBron JamesCavaliers-Heat-Lakers
86%
1 580James HardenThunder-Rockets-Nets-76ers-Clippers
81%
2 684Jason KiddMavericks-Suns-Nets-Knicks
81%
1 840Russell WestbrookThunder-Rockets-Wizards-Lakers-Clippers
81%
2 590Chris PaulHornets-Clippers-Rockets-Thunder-Suns
Warriors
71%
1 724Magic JohnsonLakers
71%
1 944Kobe BryantLakers
67%
2 307Scottie PippenBulls-Rockets-Trail Blazers
67%
2 445Gary PaytonSonics-Bucks-Lakers-Celtics-Heat
57%
1 983Allen Iverson76ers-Nuggets-Pistons-Grizzlies
52%
1 620Dwyane WadeHeat-Bulls-Cavaliers
52%
1 861Isiah ThomasPistons
52%
2 085Karl MaloneJazz-Lakers
52%
1 556Larry BirdCeltics
52%
1 648Charles Barkley76ers-Suns-Rockets
48%
1 859Kevin GarnettTimberwolves-Celtics-Nets
48%
2 207Clyde DrexlerTrail Blazers-Rockets
43%
2 112Alvin RobertsonSpurs-Bucks-Pistons-Raptors
33%
2 162Hakeem OlajuwonRockets-Raptors
33%
2 272Julius ErvingSquires-Nets-76ers
33%
1 530Vince CarterRaptors-Nets-Magic-Suns-Mavericks
Grizzlies-Kings-Hawks
29%
1 765Andre Iguodala76ers-Nuggets-Warriors-Heat
24%
1 546Andre MillerCavaliers-Clippers-Nuggets-76ers-Spurs
Trail Blazers-Wizards-Kings-Timberwolves
24%
1 752Paul PierceCeltics-Nets-Wizards-Clippers
24%
1 530Chris MullinWarriors-Pacers
14%
1 620Eddie JonesLakers-Hornets-Heat-Grizzlies-Mavericks
14%
1 638Gus WilliamsWarriors-Sonics-Bullets-Hawks
14%
1 759Shawn MarionSuns-Heat-Raptors-Mavericks-Cavaliers
14%
1 530Baron DavisHornets-Hornets-Warriors-Clippers-Cavaliers
Knicks
10%
1 608Thaddeus Young76ers-Timberwolves-Nets-Pacers-Bulls
Spurs-Raptors-Suns
10%
1 666Fat LeverTrail Blazers-Nuggets-Mavericks
5%
1 536Jeff HornacekSuns-76ers-Jazz
5%
2 310Maurice Cheeks76ers-Spurs-Knicks-Hawks-Nets
5%
1 721Metta World PeaceBulls-Pacers-Kings-Rockets-Lakers
Knicks
5%
1 616Rod StricklandKnicks-Spurs-Trail Blazers-Wizards-Heat
Timberwolves-Magic-Raptors-Rockets
5%
1 957Derek HarperMavericks-Knicks-Magic-Lakers
0%
1 563Doc RiversHawks-Clippers-Knicks-Spurs
0%
1 818Don BusePacers-Suns-Trail Blazers-Kings
0%
1 555Doug ChristieLakers-Knicks-Raptors-Kings-Magic-
Mavericks-Clippers
0%
1 622Hersey Hawkins76ers-Hornets-Sonics-Bulls
0%
1 603Jason TerryHawks-Mavericks-Celtics-Net-Rockets
Bucks
0%
1 519Kendall GillHornets-Sonics-Nets-Heat-Timberwolves
Bulls-Bucks
0%
1 608Mark JacksonKnicks-Clippers-Pacers-Nuggets-Raptors
Jazz-Rockets
0%
2 075Mookie BlaylockNets-Hawks-Warriors
0%
1 544Nate McMillanSonics
0%
1 716Ron HarperCavaliers-Clippers-Bulls-Lakers
0%
1 583Terry PorterTrail Blazers-Timberwolves-Heat-Spurs
0%
1 628Trevor ArizaKnicks-Magic-Lakers-Rockets-Hornets
Wizards-Suns-Kings-Trail Blazers-Heat
0%

Distribution des résultats

Percentile par nombre de réponses

% des personnes avec chaque résultat

Votre développement - résultats

Vous n’avez pas pris ce quiz